00699nam a2200241 a 4500001001300000003000900013005001700022008004100039020002300080082001900103100002300122245002100145260003300166300000900199500003500208505001300243650002600256700002300282902000800305942000700313952012000320999001700440nice12345678IN_TiNIC20260116014827.0050524s2003 dela grp 000 0 urd  a8187666 c40000a891.4391bNAZ1 aNazeer, Akbarabadi aKuliyat-E-Nazeer aDelhiowbKitabi Duniyac2003 a770p aincludes index and biblioraphy2 aGlossary aUrdu-Poetry-religious1 aNazeer, Akbarabadi bSRS cBK 001040708StackRoom-aHMIbHMId2007-06-25g400.00l0o891.4391 NAZ1p021107r2007-06-25v400.00w2005-05-24yBK c17166d17166